[Event "Canarias-chT Honor"]
[Site "Spain"]
[Date "2020.07.12"]
[Round "9.4"]
[White "Raluy Lopez, Marcos"]
[Black "Perez Perez, Gabriel"]
[Result "0-1"]
[WhiteElo "1953"]
[BlackElo "2128"]
[PlyCount "132"]
[EventDate "2020.01.11"]
[EventType "team-tourn"]
[EventRounds "9"]
[EventCountry "ESP"]
[SourceTitle "EXT 2021"]
[Source "ChessBase"]
[SourceDate "2020.10.23"]
[SourceVersion "1"]
[SourceVersionDate "2020.10.23"]
[SourceQuality "1"]
[WhiteTeam "Fundacion La Caja de Canarias"]
[BlackTeam "Ebano Barrio Nuevo"]
[WhiteTeamCountry "ESP"]
[BlackTeamCountry "ESP"]

1. d4 Nf6 2. c4 g6 3. Nc3 d5 4. cxd5 Nxd5 5. e4 Nxc3 6. bxc3 Bg7 7. Nf3 c5 8. Rb1 0-0 9. Be2 Qc7 10. 0-0 Bg4 11. Qb3 b6 12. d5 Bxf3 13. Bxf3 c4 14. Qa3 Be5 15. g3 Bd6 16. Qb2 Nd7 17. Be3 e5 18. dxe6 fxe6 19. Bg4 Rae8 20. Bd4 Bc5 21. Qe2 Bd6 22. Bh3 a6 23. Bg2 e5 24. Be3 b5 25. Rbd1 Nf6 26. Rd2 Rd8 27. Rfd1 Be7 28. Rxd8 Rxd8 29. Rxd8+ Qxd8 30. a4 Qa5 31. axb5 axb5 32. Bd2 Qa2 33. Qe1 Qc2 34. Bg5 Kf7 35. Qd2 Qxd2 36. Bxd2 Ba3 37. f3 Nd7 38. f4 Kf6 39. Kf2 Bd6 40. Ke3 Nc5 41. Bh3 Ke7 42. f5 Na4 43. f6+ Kxf6 44. Bd7 Bc5+ 45. Ke2 Nxc3+ 46. Bxc3 b4 47. Bxb4 Bxb4 48. Bb5 c3 49. Kd3 Kg5 50. Bd7 Ba5 51. Be6 Bb6 52. Kxc3 Bg1 53. h3 Bf2 54. g4 Kh4 55. Bg8 h6 56. Bf7 Kxh3 57. Bxg6 Kxg4 58. Bf5+ Kh4 59. Kd2 h5 60. Bg6 Kg5 61. Bf5 Kf4 62. Ke2 Kg3 63. Bg6 h4 64. Bh5 Bd4 65. Bf3 h3 66. Bh5 Kg2 0-1

[Event "Canarias-chT Honor"]
[Site "Spain"]
[Date "2020.07.11"]
[Round "8.4"]
[White "Guillermo Gonzalez, Alvaro"]
[Black "Raluy Lopez, Marcos"]
[Result "1-0"]
[WhiteElo "2074"]
[BlackElo "1953"]
[PlyCount "90"]
[EventDate "2020.01.11"]
[EventType "team-tourn"]
[EventRounds "9"]
[EventCountry "ESP"]
[SourceTitle "EXT 2021"]
[Source "ChessBase"]
[SourceDate "2020.10.23"]
[SourceVersion "1"]
[SourceVersionDate "2020.10.23"]
[SourceQuality "1"]
[WhiteTeam "Fundacion La Caja de Canarias"]
[BlackTeam "Fundacion La Caja de Canarias"]
[WhiteTeamCountry "ESP"]
[BlackTeamCountry "ESP"]

1. e4 e5 2. Nf3 Nc6 3. d4 exd4 4. Nxd4 Bc5 5. Nb3 Bb6 6. Nc3 Qf6 7. Qe2 Nge7 8. Be3 0-0 9. 0-0-0 d6 10. f3 Be6 11. Kb1 Ne5 12. Qd2 Bxe3 13. Qxe3 Bc4 14. f4 Qh6 15. Qg3 Bxb3 16. fxe5 Be6 17. exd6 cxd6 18. Qxd6 Nc6 19. Bb5 Rfd8 20. Qc7 Nd4 21. Qxb7 Rdb8 22. Qe7 Nxb5 23. Nxb5 Re8 24. Qd6 Qg5 25. Nc7 Rad8 26. Nxe6 fxe6 27. Qg3 Qh5 28. Qf3 Qe5 29. Rxd8 Rxd8 30. Rf1 Qc7 31. g3 h6 32. Qe3 e5 33. a3 Qc4 34. Re1 Kh8 35. Qxa7 Rd2 36. Qa8+ Kh7 37. Rc1 Rxh2 38. Qd5 Qc7 39. a4 Rg2 40. Qd3 Qa5 41. Qf3 Rd2 42. b3 Qc7 43. Kb2 Qd6 44. a5 Rd4 45. Ra1 Rd2 1-0

[Event "Liga Insular Gran Canaria 1a Ascenso"]
[Site "Las Palmas"]
[Date "2019.05.25"]
[Round "1.1"]
[White "Diaz Perez, Jose Juan"]
[Black "Raluy Lopez, Marcos"]
[Result "0-1"]
[WhiteElo "1770"]
[BlackElo "1939"]
[PlyCount "70"]
[EventDate "2019.05.25"]
[EventType "team-tourn"]
[EventRounds "3"]
[EventCountry "ESP"]
[SourceTitle "EXT 2021"]
[Source "ChessBase"]
[SourceDate "2020.10.23"]
[SourceVersion "1"]
[SourceVersionDate "2020.10.23"]
[SourceQuality "1"]
[WhiteTeam "Sociedad La Montana II"]
[BlackTeam "Fundacion La Caja de Canarias II"]
[WhiteTeamCountry "ESP"]
[BlackTeamCountry "ESP"]

1. e4 c6 2. d4 g6 3. c4 d5 4. cxd5 cxd5 5. e5 Nc6 6. Nc3 a6 7. Be2 h5 8. Nf3 Bg4 9. Bg5 Bh6 10. Bxh6 Nxh6 11. Qb3 Bxf3 12. Bxf3 e6 13. Qxb7 Nxd4 14. Bd1 0-0 15. Qb4 Nhf5 16. 0-0 Qc7 17. Re1 Rfb8 18. Qa3 Nc6 19. f4 Qb6+ 20. Kh1 Qxb2 21. Qxb2 Rxb2 22. Rc1 Ncd4 23. g4 hxg4 24. Bxg4 Kg7 25. h3 Nh4 26. Ne2 Nhf3 27. Bxf3 Nxf3 28. Rb1 Rxa2 29. Rf1 Rxe2 30. Rxf3 Rc8 31. Ra3 Rcc2 32. Rxa6 Rh2+ 33. Kg1 Rxh3 34. Ra4 Rg3+ 35. Kh1 Rf3 0-1

[Event "Liga Insular Gran Canaria 1a"]
[Site "Las Palmas"]
[Date "2019.03.16"]
[Round "3.2"]
[White "Raluy Lopez, Marcos"]
[Black "Monzon Aleman, Ayoze"]
[Result "1/2-1/2"]
[WhiteElo "1939"]
[BlackElo "1684"]
[PlyCount "35"]
[EventDate "2019.03.02"]
[EventType "team-tourn"]
[EventRounds "7"]
[EventCountry "ESP"]
[SourceTitle "EXT 2021"]
[Source "ChessBase"]
[SourceDate "2020.10.23"]
[SourceVersion "1"]
[SourceVersionDate "2020.10.23"]
[SourceQuality "1"]
[WhiteTeam "Fundacion La Caja de Canarias II"]
[BlackTeam "Grandama II"]
[WhiteTeamCountry "ESP"]
[BlackTeamCountry "ESP"]

1. d4 d5 2. c4 e6 3. cxd5 exd5 4. Nc3 Nf6 5. Bg5 Be7 6. e3 h6 7. Bh4 0-0 8. Bd3 c6 9. Qc2 Re8 10. Nf3 Nbd7 11. 0-0 Ne4 12. Bxe7 Qxe7 13. Bxe4 dxe4 14. Nd2 Nf6 15. Rab1 Bg4 16. Rfc1 Qd7 17. Kf1 Rad8 18. Ne2 1/2-1/2

[Event "Lanzarote op"]
[Site "Lanzarote"]
[Date "2018.06.30"]
[Round "9"]
[White "Raluy Lopez, Marcos"]
[Black "Perez Bolanos, David"]
[Result "1-0"]
[WhiteElo "1933"]
[BlackElo "1594"]
[PlyCount "55"]
[EventDate "2018.06.25"]
[EventType "swiss"]
[EventRounds "9"]
[EventCountry "ESP"]
[SourceTitle "CBM 185 Extra"]
[Source "ChessBase"]
[SourceDate "2018.07.29"]
[SourceVersion "1"]
[SourceVersionDate "2018.07.29"]
[SourceQuality "1"]

1. d4 Nf6 2. Nf3 e6 3. e3 b6 4. Bd3 Bb7 5. Nbd2 d5 6. 0-0 Be7 7. b3 Nbd7 8. Bb2 0-0 9. Ne5 c5 10. f4 Ne4 11. Nxd7 Qxd7 12. Rf3 f5 13. Rh3 Bf6 14. Qe2 g6 15. Kh1 a5 16. a4 Bc6 17. Nb1 Rae8 18. Na3 Qg7 19. c3 h6 20. Rf1 g5 21. Bxe4 dxe4 22. g4 gxf4 23. gxf5 f3 24. Qf2 Kh7 25. Rg1 Qd7 26. Rg6 Bg7 27. Qh4 exf5 28. Qxh6+ 1-0

[Event "Lanzarote op"]
[Site "Lanzarote"]
[Date "2018.06.29"]
[Round "8"]
[White "Hernandez Leon, Alberto"]
[Black "Raluy Lopez, Marcos"]
[Result "1-0"]
[WhiteElo "2213"]
[BlackElo "1933"]
[PlyCount "57"]
[EventDate "2018.06.25"]
[EventType "swiss"]
[EventRounds "9"]
[EventCountry "ESP"]
[SourceTitle "CBM 185 Extra"]
[Source "ChessBase"]
[SourceDate "2018.07.29"]
[SourceVersion "1"]
[SourceVersionDate "2018.07.29"]
[SourceQuality "1"]

1. d4 d5 2. c4 e6 3. Nf3 c5 4. cxd5 exd5 5. g3 Nc6 6. Bg2 Nf6 7. 0-0 Be7 8. Nc3 0-0 9. Bg5 h6 10. Bxf6 Bxf6 11. dxc5 Bxc3 12. bxc3 Be6 13. Nd4 Qa5 14. c4 Nxd4 15. cxd5 Qxc5 16. dxe6 Rad8 17. exf7+ Rxf7 18. Kh1 Rfd7 19. Qd3 Kh8 20. Rad1 Qh5 21. e4 b5 22. Qe3 Kh7 23. e5 Nf5 24. Rxd7 Nxe3 25. Be4+ Nf5 26. Rxd8 g6 27. Rc1 Qe2 28. Bxf5 gxf5 29. Rd6 1-0

[Event "Las Palmas Insular-chT Segunda 1718"]
[Site "Las Palmas"]
[Date "2018.02.03"]
[Round "7.2"]
[White "Raluy Lopez, Marcos"]
[Black "Morales Sanchez, Domingo"]
[Result "1-0"]
[WhiteElo "1929"]
[BlackElo "1455"]
[PlyCount "107"]
[EventDate "2017.10.28"]
[EventType "team-swiss"]
[EventRounds "9"]
[EventCountry "ESP"]
[SourceTitle "EXT 2021"]
[Source "ChessBase"]
[SourceDate "2020.10.23"]
[SourceVersion "1"]
[SourceVersionDate "2020.10.23"]
[SourceQuality "1"]
[WhiteTeam "Tres W II"]
[BlackTeam "Hotel Avda de Canarias V"]
[WhiteTeamCountry "ESP"]
[BlackTeamCountry "ESP"]

1. d4 d5 2. c4 e6 3. cxd5 exd5 4. Nc3 Nf6 5. Bg5 Be7 6. Qc2 Nc6 7. e3 a6 8. a3 h6 9. Bh4 Be6 10. Bd3 Ng4 11. Bxe7 Qxe7 12. Nf3 Nf6 13. 0-0 0-0 14. b4 Nd7 15. Rfc1 Nb6 16. Nd2 Rfc8 17. Nb3 Nc4 18. Bxc4 dxc4 19. Nc5 Nd8 20. Qe4 c6 21. Nxe6 Qxe6 22. Qxe6 fxe6 23. Na4 Rab8 24. Nb6 Rc7 25. Nxc4 Kf8 26. Kf1 Ke7 27. Ke2 Nf7 28. Rc2 Nd6 29. Ne5 Nf7 30. Nd3 b6 31. Rac1 Rbc8 32. Nb2 Kd7 33. Na4 Rb8 34. e4 Nd6 35. Kd3 Nb5 36. Ra1 Rcc8 37. Nb2 Nd6 38. g4 Rb7 39. e5 Nb5 40. Nc4 Rbb8 41. f4 Rf8 42. Rf1 g6 43. Ke4 Nc7 44. Ne3 Nd5 45. Nxd5 cxd5+ 46. Ke3 Rbc8 47. Rfc1 Rxc2 48. Rxc2 Rc8 49. Rxc8 Kxc8 50. f5 gxf5 51. gxf5 exf5 52. Kf4 Kd7 53. Kxf5 Ke7 54. e6 1-0

[Event "Las Palmas Insular-chT Segunda 1718"]
[Site "Las Palmas"]
[Date "2017.11.25"]
[Round "3.1"]
[White "Damaso Tacoronte, Carolina"]
[Black "Raluy Lopez, Marcos"]
[Result "1/2-1/2"]
[WhiteElo "1746"]
[BlackElo "1929"]
[PlyCount "58"]
[EventDate "2017.10.28"]
[EventType "team-swiss"]
[EventRounds "9"]
[EventCountry "ESP"]
[SourceTitle "EXT 2019"]
[Source "ChessBase"]
[SourceDate "2018.10.10"]
[SourceVersion "1"]
[SourceVersionDate "2018.10.10"]
[SourceQuality "1"]
[WhiteTeam "La Aldea"]
[BlackTeam "Tres W II"]
[WhiteTeamCountry "ESP"]
[BlackTeamCountry "ESP"]

1. e4 e5 2. Nf3 Nc6 3. Bc4 Bc5 4. b4 Bxb4 5. c3 Ba5 6. d4 d6 7. Qb3 Qd7 8. 0-0 Bb6 9. Bb5 a6 10. Ba4 Ba7 11. Qd1 b5 12. Bb3 Nf6 13. Re1 0-0 14. Ba3 b4 15. Bb2 bxc3 16. Bxc3 Nxd4 17. Nxd4 Bxd4 18. Bxd4 exd4 19. Qxd4 Bb7 20. Nc3 Rfe8 21. Re3 Qe7 22. Rae1 Qe5 23. Qc4 Re7 24. Nd5 Rd7 25. Nxf6+ Qxf6 26. e5 dxe5 27. Rxe5 Rf8 28. Re8 Rd8 29. Rxf8+ Rxf8 1/2-1/2

[Event "Las Palmas Cabildo op"]
[Site "Las Palmas"]
[Date "2017.03.17"]
[Round "3"]
[White "Raluy Lopez, Marcos"]
[Black "Donate Villalba, Juan Francisco"]
[Result "1-0"]
[WhiteElo "1933"]
[BlackElo "1780"]
[PlyCount "131"]
[EventDate "2017.03.10"]
[EventType "swiss"]
[EventRounds "7"]
[EventCountry "ESP"]
[SourceTitle "EXT 2018"]
[Source "ChessBase"]
[SourceDate "2017.10.13"]
[SourceVersion "1"]
[SourceVersionDate "2017.10.13"]
[SourceQuality "1"]

1. d4 d5 2. c4 Nc6 3. Bf4 Nf6 4. a3 Bf5 5. e3 e6 6. Nf3 Bd6 7. Bg5 Be7 8. Bxf6 Bxf6 9. cxd5 exd5 10. Nc3 Ne7 11. Bd3 c6 12. 0-0 0-0 13. Na4 Qc7 14. Rc1 a6 15. Qc2 g6 16. Bxf5 Nxf5 17. Qb3 Rfd8 18. Nb6 Rab8 19. Nxd5 Qd6 20. Nxf6+ Qxf6 21. Ne5 Nd6 22. Qd1 Qe6 23. Rc2 Nb5 24. Nd3 Qe7 25. Rc5 f6 26. Qc2 Nc7 27. Nf4 Kg7 28. Rc1 Qf7 29. b4 Rd7 30. h3 Re8 31. Nd3 Ne6 32. Rc3 Ng5 33. a4 Ne4 34. Ra3 Nd6 35. Nc5 Rde7 36. Nb3 Qe6 37. Nd2 Rd7 38. Rb3 f5 39. Nf3 Rf8 40. Qb2 Kh6 41. Ne5 Re7 42. f3 Rc8 43. Rbc3 Qf6 44. Qd2 Kg7 45. Qf2 Qg5 46. h4 Qf6 47. g3 h6 48. Kg2 Rh8 49. Rh1 Nf7 50. Nd3 Rhe8 51. Nf4 Nd6 52. h5 g5 53. Ng6 Re6 54. Ne5 Nc8 55. Qc2 Nb6 56. e4 Rd6 57. Nc4 Nxc4 58. Rxc4 fxe4 59. fxe4 Rxd4 60. Rg1 Qd6 61. Qc3 Rexe4 62. Rd1 Qe6 63. Rcxd4 Re2+ 64. Kf1 Re5 65. Rd7+ Kg8 66. Rd8+ 1-0

[Event "Gran Canaria Santana Memorial 5th"]
[Site "Gran Canaria"]
[Date "2017.02.21"]
[Round "6"]
[White "Raluy Lopez, Marcos"]
[Black "Smeds, Tom"]
[Result "1-0"]
[WhiteElo "1890"]
[BlackElo "1870"]
[PlyCount "83"]
[EventDate "2017.02.03"]
[EventType "swiss"]
[EventRounds "7"]
[EventCountry "ESP"]
[SourceTitle "CBM 177 Extra"]
[Source "ChessBase"]
[SourceDate "2017.04.27"]
[SourceVersion "1"]
[SourceVersionDate "2017.04.27"]
[SourceQuality "1"]

1. d4 c5 2. d5 e5 3. e4 d6 4. Nc3 Nf6 5. f4 exf4 6. Bxf4 a6 7. a4 Be7 8. Be2 Nbd7 9. Nf3 Qc7 10. Nd2 0-0 11. 0-0 Re8 12. Qe1 Bf8 13. Qg3 Kh8 14. Rae1 Ne5 15. Bxe5 Rxe5 16. Bd3 Bd7 17. Nc4 Rh5 18. e5 dxe5 19. Rxe5 Rh6 20. Rg5 Qxg3 21. hxg3 Be8 22. a5 Rh5 23. Rxf6 Rxg5 24. Rb6 Rxg3 25. Rxb7 Rd8 26. Nb6 c4 27. Nxc4 Bc5+ 28. Kh2 Rxd3 29. cxd3 h5 30. b4 Bd4 31. Ne4 Bb5 32. Ned6 Kh7 33. Nxb5 axb5 34. Rxb5 h4 35. g3 hxg3+ 36. Kxg3 f5 37. d6 g5 38. Rxf5 Kg6 39. Rd5 Bc3 40. b5 Be1+ 41. Kg4 Rf8 42. Rxg5+ 1-0

[Event "Gran Canaria Santana Memorial 5th"]
[Site "Gran Canaria"]
[Date "2017.02.07"]
[Round "2"]
[White "Gutierrez Clavijo, Miguel"]
[Black "Raluy Lopez, Marcos"]
[Result "1/2-1/2"]
[WhiteElo "1749"]
[BlackElo "1890"]
[PlyCount "26"]
[EventDate "2017.02.03"]
[EventType "swiss"]
[EventRounds "7"]
[EventCountry "ESP"]
[SourceTitle "CBM 177 Extra"]
[Source "ChessBase"]
[SourceDate "2017.04.27"]
[SourceVersion "1"]
[SourceVersionDate "2017.04.27"]
[SourceQuality "1"]

1. h3 d5 2. d4 Bf5 3. Nf3 e6 4. Bf4 Bd6 5. Bxd6 cxd6 6. c3 Nc6 7. e3 Nf6 8. Nh4 Be4 9. Bd3 0-0 10. 0-0 Nd7 11. Nf3 f5 12. Ne1 Nf6 13. Nd2 Rc8 1/2-1/2

[Event "Montana de Galdar op 1st"]
[Site "Galdar"]
[Date "2016.12.09"]
[Round "7.5"]
[White "Raluy Lopez, Marcos"]
[Black "Rodriguez Tobio, Coral"]
[Result "1/2-1/2"]
[WhiteElo "1941"]
[BlackElo "1592"]
[PlyCount "22"]
[EventDate "2016.12.05"]
[EventType "swiss"]
[EventRounds "9"]
[EventCountry "ESP"]
[SourceTitle "EXT 2024"]
[Source "ChessBase"]
[SourceDate "2023.10.10"]
[SourceVersion "1"]
[SourceVersionDate "2023.10.10"]
[SourceQuality "1"]

1. d4 e6 2. Nf3 b6 3. g3 Bb7 4. Bg2 Nf6 5. 0-0 Be7 6. c4 0-0 7. Nc3 d5 8. Ne5 Nbd7 9. Qb3 c5 10. Nxd7 Nxd7 11. cxd5 cxd4 1/2-1/2

[Event "Las Palmas Insular-chT Primera-A 1617"]
[Site "Las Palmas"]
[Date "2016.11.19"]
[Round "5.1"]
[White "Raluy Lopez, Marcos"]
[Black "Sosa Suarez, Carla Cristina"]
[Result "1/2-1/2"]
[WhiteElo "1878"]
[BlackElo "1903"]
[PlyCount "34"]
[EventDate "2016.10.22"]
[EventType "team-tourn"]
[EventRounds "14"]
[EventCountry "ESP"]
[SourceTitle "EXT 2018"]
[Source "ChessBase"]
[SourceDate "2017.10.13"]
[SourceVersion "1"]
[SourceVersionDate "2017.10.13"]
[SourceQuality "1"]
[WhiteTeam "Tres W II"]
[BlackTeam "Sociedad La Montana II"]
[WhiteTeamCountry "ESP"]
[BlackTeamCountry "ESP"]

1. d4 e6 2. Nf3 b6 3. g3 Bb7 4. Bg2 Nf6 5. 0-0 Be7 6. b3 d5 7. Bb2 0-0 8. Nbd2 Nbd7 9. Ne5 c5 10. e3 cxd4 11. exd4 Nxe5 12. dxe5 Nd7 13. Re1 Rc8 14. Rc1 b5 15. Qe2 b4 16. Qg4 Qa5 17. Nc4 Qa6 1/2-1/2

[Event "Las Palmas Insular-chT Pref 1617"]
[Site "Las Palmas"]
[Date "2016.10.29"]
[Round "2.4"]
[White "Raluy Lopez, Marcos"]
[Black "Rodriguez Mellado, Antonio"]
[Result "1/2-1/2"]
[WhiteElo "1878"]
[BlackElo "2041"]
[PlyCount "88"]
[EventDate "2016.10.22"]
[EventType "team-tourn"]
[EventRounds "14"]
[EventCountry "ESP"]
[SourceTitle "EXT 2018"]
[Source "ChessBase"]
[SourceDate "2017.10.13"]
[SourceVersion "1"]
[SourceVersionDate "2017.10.13"]
[SourceQuality "1"]
[WhiteTeam "Tres W"]
[BlackTeam "Hotel Avda de Canarias"]
[WhiteTeamCountry "ESP"]
[BlackTeamCountry "ESP"]

1. d4 Nf6 2. c4 c5 3. d5 b5 4. cxb5 a6 5. b6 Qxb6 6. Nc3 g6 7. e4 d6 8. Nf3 Bg7 9. Be2 0-0 10. Nd2 Nbd7 11. Nc4 Qc7 12. Bf4 Rb8 13. Rc1 Nb6 14. Ne3 Bd7 15. b3 Na8 16. 0-0 Qb7 17. Nc4 Nc7 18. e5 Nfxd5 19. Nxd5 Nxd5 20. Bf3 e6 21. Nxd6 Qc6 22. Qc2 Rfd8 23. Bxd5 exd5 24. Qxc5 Qxc5 25. Rxc5 Be6 26. Rc6 a5 27. Re1 a4 28. Bg5 axb3 29. axb3 Rd7 30. b4 h6 31. Bd2 d4 32. f4 Ra7 33. Rec1 Ra2 34. R6c2 Rba8 35. b5 d3 36. Rxa2 Rxa2 37. b6 Bd5 38. Nc4 Bf8 39. Ne3 Bb7 40. Nf1 Bb4 41. Rc7 Bxd2 42. Nxd2 Bd5 43. Rd7 Bc6 44. Rxd3 Rb2 1/2-1/2

[Event "Las Palmas Insular-chT Pref"]
[Site "Las Palmas "]
[Date "2015.11.07"]
[Round "2.3"]
[White "Morales Quintero, Jose Miguel"]
[Black "Raluy Lopez, Marcos"]
[Result "0-1"]
[WhiteElo "1942"]
[BlackElo "1976"]
[PlyCount "78"]
[EventDate "2015.10.17"]
[EventType "team-tourn"]
[EventRounds "14"]
[EventCountry "ESP"]
[SourceTitle "CBM 170 Extra"]
[Source "ChessBase"]
[SourceDate "2016.02.25"]
[SourceVersion "1"]
[SourceVersionDate "2016.02.25"]
[SourceQuality "1"]
[WhiteTeam "Real Club Victoria"]
[BlackTeam "Tres W"]
[WhiteTeamCountry "ESP"]
[BlackTeamCountry "ESP"]

1. c4 e6 2. g3 d5 3. Bg2 c5 4. Nf3 Nc6 5. cxd5 exd5 6. d4 Nf6 7. Nc3 Be7 8. 0-0 0-0 9. Bg5 c4 10. b3 Qa5 11. Qc2 Bg4 12. e3 Bb4 13. Bxf6 gxf6 14. Ne2 Rac8 15. Nf4 Ne7 16. Nh4 cxb3 17. Qxb3 Rc3 18. Qb1 Rfc8 19. h3 Be6 20. e4 dxe4 21. Qxe4 f5 22. Qxb7 R8c7 23. Qb8+ Rc8 24. Qb7 R8c7 25. Qb8+ Rc8 26. Qe5 Qxe5 27. dxe5 Rc2 28. Nxe6 fxe6 29. f4 Ba3 30. Nf3 h6 31. Rfd1 Bc5+ 32. Kh1 Bf2 33. Nd4 Rb2 34. g4 Bxd4 35. Rxd4 Rcc2 36. Bf1 fxg4 37. hxg4 h5 38. Rd7 Kf8 39. Rb7 Rxb7 0-1

[Event "Canarias-chT"]
[Site "Vecindario"]
[Date "2015.06.14"]
[Round "6.2"]
[White "Raluy Lopez, Marcos"]
[Black "Robaina Bordon, Hector"]
[Result "0-1"]
[WhiteElo "1993"]
[BlackElo "1811"]
[PlyCount "80"]
[EventDate "2015.06.11"]
[EventType "team-swiss"]
[EventRounds "6"]
[EventCountry "ESP"]
[SourceTitle "EXT 2024"]
[Source "ChessBase"]
[SourceDate "2023.10.10"]
[SourceVersion "1"]
[SourceVersionDate "2023.10.10"]
[SourceQuality "1"]
[WhiteTeam "Tres W"]
[BlackTeam "Grandama Santa Lucia"]
[WhiteTeamCountry "ESP"]
[BlackTeamCountry "ESP"]

1. d4 c6 2. c4 d5 3. Nf3 Nf6 4. Nc3 dxc4 5. a4 Bf5 6. Ne5 Nbd7 7. Nxc4 e6 8. f3 Bb4 9. e4 Bxe4 10. fxe4 Nxe4 11. Qf3 Ndf6 12. Bd2 Nxd2 13. Nxd2 Qxd4 14. 0-0-0 Bxc3 15. Qxc3 Qxa4 16. Qa3 Qxa3 17. bxa3 0-0-0 18. Be2 Nd5 19. Nc4 Kc7 20. Bf3 Nb6 21. Nxb6 Kxb6 22. Kc2 Kc7 23. Kc3 Rxd1 24. Rxd1 Rd8 25. Re1 Rd6 26. Re4 f5 27. Re5 Kd7 28. Ra5 a6 29. a4 Ke7 30. Kc4 Kf6 31. Kc3 e5 32. Be2 g5 33. Bxa6 bxa6 34. Rxa6 Ke7 35. Rb6 e4 36. a5 e3 37. Rb7+ Ke6 38. Rb8 f4 39. a6 Rd7 40. Rb7 e2 0-1